La religión azteca

Guardat en:
Dades bibliogràfiques
Autor principal: Batalla Rosado, Juan José (autor)
Altres autors: Rojas, José Luis de (autor)
Format: Llibre
Idioma:espanyol
Publicat: Madrid, España: Trotta, 2008
Col·lecció:Colección Paradigmas. Biblioteca de Ciencias de las Religiones 43
Matèries:
Etiquetes: Afegir etiqueta
Sense etiquetes, Sigues el primer a etiquetar aquest registre!

MARC

LEADER 00000cam a2200000 a 4500
001 UCI8827
003 CL-VaPUC
005 20211227104357.0
008 081009e20080000SP |||||||||||||||||spa|d
999 |c 331593  |d 331591 
020 |a 9788481649352 
040 |c Pontificia Universidad Católica de Valparaíso 
082 0 4 |a 299.792 BAT 2008  |2 21 
100 0 |a Batalla Rosado, Juan José  |e autor  |9 532445 
245 1 3 |a La religión azteca 
260 |a Madrid, España:  |b Trotta,  |c 2008 
300 |a 213 páginas 
490 0 |a Colección Paradigmas. Biblioteca de Ciencias de las Religiones  |v 43 
500 |a Donación Padre Cristián Eichin. Correo 21-12-2021 
583 |a last modification  |c 20170616 04:18:45  |k Rodrigo Vera 
600 0 7 |a Imperio Azteca  |2 CL-VaPUC  |9 532447 
650 0 |a Aztecas  |9 265930 
650 0 |a Religión   |9 255164 
650 0 |a Historia de México  |9 321806 
651 0 |a México  |9 255269 
700 0 |a Rojas, José Luis de  |e autor  |9 532446 
942 |c BK  |2 ddc 
945 |d 20081009 00:00:00  |a rbrito 
952 |0 0  |1 0  |4 0  |6 299_792000000000000_BAT_2008  |7 0  |8 A  |9 418360  |a BIBHIS  |b BIBHIS  |d 2019-11-22  |i 4486072  |o 299.792 BAT 2008  |p 4486072  |r 2025-01-20  |w 2019-11-22  |y BK  |k HIS 
952 |0 0  |1 0  |3 erb  |4 0  |6 299_792000000000000_BAT_2008  |7 0  |8 A  |9 418361  |a BIBTEO  |b BIBTEO  |i 5399106  |o 299.792 BAT 2008  |p 5399106  |r 2025-01-17  |w 2019-11-22  |y BK  |z Catalogado en:20170616  |k ICR 
952 |0 0  |1 0  |2 ddc  |4 0  |6 299_792000000000000_BAT_2008  |7 0  |8 A  |9 579804  |a BIBTEO  |b BIBTEO  |d 2021-12-27  |e Donación  |i 5630665  |o 299.792 BAT 2008  |p 5630665  |r 2025-01-17  |t 3  |w 2021-12-27  |y BK  |k ICR